000 01085nam a2200325 c 4500
001 57590
003 CO-BoRNBP
005 20250714115908.0
007 ta
008 231207s2023 ck a|||br|||| 00||j spa d
020 _a9786289549775
040 _aCO-BoRNBP
_bspa
_erda
_cCO-BoRNBP
041 0 _aspa
043 _as-ag---
084 _aC
100 _aRuiz Johnson, Mariana,
_d1984-
_eaut
_958367
245 1 3 _aLa sopa más rica y otros cuentos /
_cMariana Ruiz Johnson.
250 _aEdición especial
264 1 _aBogotá, Colombia :
_bCataplum Libros,
_c2023
300 _a30 páginas sin numerar :
_bilustraciones a color
336 _atexto
_btxt
_2rdacontent
337 _asin mediación
_bn
_2rdamedia
338 _avolumen
_bnc
_2rdacarrier
521 1 _aRecomendado para un público infantil mayor de 6 años
650 0 7 _aAmistad en la literatura
_2lemb
_970
650 0 7 _aAnimales en la literatura
_2lemb
_9853
650 0 7 _aCuentos infantiles argentinos
_ysiglo xx
_2lemb
_961087
650 0 7 _aLiteratura infantil argentina
_ysiglo xx
_2lemb
_9783
942 _2loc
_cBKLITI
999 _c57590
_d57590